World gramineous plants
In this selection process, some gramineous species were selected as improtant crops like wheat, barley,rye,rice,corn,sugarcane,etc. Other species remained as gramineous weeds.
Đã lưu trong:
| 主要作者: | |
|---|---|
| 格式: | 圖書 |
| 語言: | Undetermined |
| 出版: |
Tokyo
Nippon Soda
1984
|
| 主題: | |
| 標簽: |
添加標簽
沒有標簽, 成為第一個標記此記錄!
|
| Thư viện lưu trữ: | Trung tâm Học liệu Trường Đại học Cần Thơ |
|---|
| LEADER | 00644nam a2200193Ia 4500 | ||
|---|---|---|---|
| 001 | CTU_138441 | ||
| 008 | 210402s9999 xx 000 0 und d | ||
| 082 | |a 581.652 | ||
| 082 | |b O.41 | ||
| 100 | |a Okunuki, Susumu | ||
| 245 | 0 | |a World gramineous plants | |
| 245 | 0 | |c Susumu Okunuki | |
| 260 | |a Tokyo | ||
| 260 | |b Nippon Soda | ||
| 260 | |c 1984 | ||
| 520 | |a In this selection process, some gramineous species were selected as improtant crops like wheat, barley,rye,rice,corn,sugarcane,etc. Other species remained as gramineous weeds. | ||
| 650 | |a Weeds | ||
| 904 | |i Tuyến | ||
| 980 | |a Trung tâm Học liệu Trường Đại học Cần Thơ | ||